000 01559nam1a22004571 4500
001 v19\rc\1929828
005 20251118180824.0
035 _a(NLR Aleph) 005025430
090 _a6634127
_c6634127
100 _a20251123 rusy50
101 0 _arus
102 _aRU
105 _a z |||||
200 1 _aСобрание сочинений
_fД.Н. Овсянико-Куликовский
210 _aСанкт-Петербург
_cИзд. И.Л. Овсянико-Куликовской
_d1912-1914
215 _d23
700 1 _6z01790
_aОвсянико-Куликовский
_bД.Н.
_f1853-1920
_gДмитрий Николаевич
790 1 _6z01700
_aКуликовский
_bД.Н.
_f1853-1920
_gДмитрий Николаевич
801 0 _aRU
_bNLR
_gpsbo
801 0 _aRU
_bRuMoRGB
_2psbo
801 1 _aRU
_bProSoft-M
_2rusmarc
852 _aNLR
_jШифры разные
899 _aRuMoRGB
_jU 215/71
899 _aRuMoRGB
_jU 215/69
899 _aRuMoRGB
_jU 215/68 (т. 1, 3, 8-9)
899 _aRuMoRGB
_jR 342/126 (т. 3, 8, 9)
899 _aRuMoRGB
_jРб 14/196 (т. 5)
899 _aRuMoRGB
_jH 14/123 (т. 4-5)
899 _aRuMoRGB
_jH 14/121
899 _aRuMoRGB
_jF 137/34 (т. 1-3)
899 _aRuMoRGB
_jN 5/5 (т. 3)
899 _aRuMoRGB
_jH 14/178 (т. 6)
899 _aRuMoRGB
_jT 44/1 (т. 7)
899 _aRuMoRGB
_jH 14/120 (т. 8)
899 _aБАН
_y(1-4, 6)
899 _aНБ СПбГУ
899 _aГПИБ
899 _aНБ МГУ
942 _cBOOK
980 _aNB